Footballeurs français vainqueurs de la Ligue des Champions - Statistiques

Statistiques générales
  • Ce quiz a été pris 357 fois
  • Le résultat moyen est 24 sur 57
Statistiques - réponses
Titre(s) Joueur % Correct
5 Karim Benzema
96%
1 Ousmane Dembélé
93%
1 Zinédine Zidane
89%
1 Désiré Doué
85%
4 Raphaël Varane
85%
1 Bradley Barcola
77%
2 Didier Deschamps
75%
2 Lucas Hernandez
74%
1 Thierry Henry
74%
1 Théo Hernandez
73%
1 Aurélien Tchouaméni
72%
2 Eduardo Camavinga
71%
2 Ferland Mendy
71%
1 Kingsley Coman
64%
1 Warren Zaïre-Emery
63%
1 Presnel Kimpembe
59%
1 Michel Platini
58%
1 N'Golo Kanté
58%
1 Senny Mayulu
58%
1 Olivier Giroud
55%
1 Fabien Barthez
53%
1 Franck Ribéry
53%
1 Jean-Pierre Papin
52%
2 Marcel Desailly
52%
1 Benjamin Pavard
50%
1 Bixente Lizarazu
46%
2 Éric Abidal
46%
1 Basile Boli
45%
1 Jérémy Mathieu
43%
1 Claude Makélélé
39%
1 Patrice Évra
39%
3 Raymond Kopa
38%
1 Nicolas Anelka
36%
1 Corentin Tolisso
31%
2 Christian Karembeu
25%
1 Willy Sagnol
25%
1 Éric Di Meco
24%
1 Florent Malouda
23%
1 Ludovic Giuly
23%
1 Djibril Cissé
22%
1 Ibrahim Mbaye
20%
1 Franck Sauzée
16%
1 Yoann Gourcuff
15%
1 Kurt Zouma
13%
1 Jocelyn Angloma
12%
1 Michaël Cuisance
11%
1 Pascal Olmeta
11%
1 Anthony Le Tallec
9%
1 Florent Sinama-Pongolle
9%
1 Manuel Amoros
9%
1 Mikaël Silvestre
9%
1 Jean-Jacques Eydelie
8%
1 Jean-Philippe Durand
8%
1 Louis Saha
8%
1 Bernard Casoni
7%
1 Jean-Marc Ferreri
7%
1 Jean-Christophe Thomas
5%
Aucun quiz correspondant
Distribution des résultats
% des personnes avec chaque résultat
Percentile par nombre de réponses
Votre historique - résultats
Vous n’avez pas pris ce quiz